01078 a2200169 45000010006000000050017000060080041000230030015000640400040000790800162001192450040002812640043003213000019003645050483003831000020008667000022008864863620260407155751.0260407a1980 arg spa dAR-UNSa-BCEJYS aAR-UNSa-BCEJYSbspacAR-UNSa-BCEJYS a51-7xEstudios y métodos matemáticos en otros campos del conocimiento. Matemáticas científicas. Matemáticas actuariales (Matemáticas Financieras)10aTablas de equivalencias financieras 1aBuenos Aires :bEdiciones Macchic1980 a417 p.c23 cm. a1. Tasas de interés efectiva anuales equivalentes a tasas de interés vencido - 2. Tasas de interés efectiva anuales equivalentes a tasas de interés adelantado - 3. Tasas de interés nominales anuales vencidas equivalentes a tasas de interés nominales adelantadas - 4. Tasas de interés nominales anuales adelantadas equivalentes a tasas de interés nominales anuales vencidas - 5. Tasas de interés efectivas anuales equivalentes a tasas de interés adelantado. 1 aGroll, Simon A.1 aMikowski, Luis S.